Sentencias congruentes (Record no. 25125)
[ view plain ]
| 000 -LEADER | |
|---|---|
| campo de control de longitud fija | 00494nam a2200157 i 4500 |
| 001 - NÚMERO DE CONTROL | |
| campo de control | 25125 |
| 003 - IDENTIFICADOR DE NÚMERO DE CONTROL | |
| campo de control | ES-MaACL |
| 005 - FECHA Y HORA DE LA ÚLTIMA TRANSACCIÓN | |
| campo de control | 20230906153210.0 |
| 007 - CAMPO FIJO DE DESCRIPCIÓN FÍSICA--INFORMACIÓN GENERAL | |
| campo de control de longitud fija | t| |
| 008 - DATOS DE LONGITUD FIJA--INFORMACIÓN GENERAL | |
| campo de control de longitud fija | 021220s1957 sp ||||1| spa d |
| 100 1# - ENTRADA PRINCIPAL--NOMBRE DE PERSONA | |
| Nombre de persona | Aragoneses Alonso, Pedro. |
| 9 (RLIN) | 22207 |
| 245 10 - MENCIÓN DEL TÍTULO | |
| Título | Sentencias congruentes |
| Resto del título | : pretensión, oposición, fallo / |
| Mención de responsabilidad, etc. | Pedro Aragoneses Alonso. |
| 260 ## - PUBLICACIÓN, DISTRIBUCIÓN, ETC. | |
| Lugar de publicación, distribución, etc. | Madrid : |
| Nombre del editor, distribuidor, etc. | Aguilar, |
| Fecha de publicación, distribución, etc. | 1957 ( |
| Fabricante | Selecciones Gráficas) |
| 300 ## - DESCRIPCIÓN FÍSICA | |
| Extensión | XV, 250 p. ; |
| Dimensiones | 24 cm. |
| 852 ## - LOCALIZACIÓN | |
| Ubicación | ES-MaACL |
| Número de control de estantería | C-13258 |
| Sublocalización o colección | R.40750 |
| Estatus retirado | Estado de pérdida | Estado de daño | No para préstamo | Biblioteca de origen | Biblioteca actual | Ubicación en estantería | Fecha de adquisición | Fuente de adquisición | Total de préstamos | Signatura topográfica completa | Código de barras | Visto por última vez | Precio de reemplazo | Tipo de ítem Koha |
|---|---|---|---|---|---|---|---|---|---|---|---|---|---|---|
| Biblioteca del Ateneo de Madrid | Biblioteca del Ateneo de Madrid | Sala Palomar | 17/01/2008 | C-13258 | 1025904 | 23/02/2023 | 23/02/2023 | Libro impreso |
